Normal view MARC view

Entry Personal Name

Number of records used in: 1

001 - CONTROL NUMBER

  • control field: 3932

003 - CONTROL NUMBER IDENTIFIER

  • control field: dpl

005 - DATE AND TIME OF LATEST TRANSACTION

  • control field: 20100802114152.0

008 - FIXED-LENGTH DATA ELEMENTS

  • fixed length control field: 100802|||a|||||| | ||| d

040 ## - CATALOGING SOURCE

  • Original cataloging agency: dpl
  • Transcribing agency: dpl

100 ## - HEADING--PERSONAL NAME

  • Personal name: Manor,James

670 ## - SOURCE DATA FOUND

  • Source citation: Work cat.: (dpl): Raghavan E. 3931, Broadening and deepening democracy :, 2009

670 ## - SOURCE DATA FOUND

  • Source citation: Work cat.: (dpl): Raghavan E. 3931, Broadening and deepening democracy :, 2009

© Delhi Public Library
Hit Counter
free hit counter